| 000 | nam a22 a 4500 | ||
|---|---|---|---|
| 999 |
_c390375 _d390375 |
||
| 003 | BLK | ||
| 005 | 20201020152144.0 | ||
| 008 | 180409b bul|||||r ||||||| ||bul|| | ||
| 010 | _aKNG00135496000 | ||
| 040 | _aBLK | ||
| 041 |
_aRUS _cRUS |
||
| 072 | 7 |
_2bullib _aЦ _xРедки и ценни |
|
| 080 |
_aУкраинска литература _b821.161.2 _x.09 _z821.161.2.09 |
||
| 100 |
_91299 _aПетров, Николай Иванович _eпърви автор |
||
| 139 | _aПетров, Николай Иванович | ||
| 245 | 1 | 0 |
_aОчерки истории украинской литературы XIX столетия _c[Соч.] Н.И. Петрова |
| 246 | _aОчерки истории украинской литературы девятнадцатого столетия | ||
| 257 | _aUKR | ||
| 260 |
_bтип. И. и А. Давиденко _c1884 _aКиев _9435424 |
||
| 300 |
_aIV, 458, XV с. _c22 см |
||
| 380 | _a0 | ||
| 490 |
_9435080 _aКолекция Редки и ценни издания |
||
| 650 | 7 |
_aЛитературознание _9160629 |
|
| 852 |
_aРр 884 _bРц |
||
| 856 | 4 | _qpdf | |
| 942 |
_cKNG _n0 _s1 |
||
| 944 |
_aCR _c23.10.2012 _lф / 23.10.2012 _kНаталия_Медовщикова |
||
| 944 |
_aED _c2020-10-20 |
||
| 999 | _d129753 | ||